00763nam a22001457a 4500008004100000020001500041020001800056082002200074100004800096245018900144260013600333300002800469600006100497650005900558160518b xxu||||| |||| 00| 0 eng d a9977966044 a9789977966045 a759.972.86bH565s aFabio Herrera; Greger Olsson; Ulrich Pegels aFabio Herrera : strokesbpinturas realizadas en sus estudios de Manhattan, Nuevo York y Tibás, San José, C.R. de los años 1994 a 1998cFabio Herrera; Greger Olsson; Ulrich Pegels aSan José, C.R.bLitografía e Impr. Imperial [S.l.] Ed. de la Colección Pegels-Rojas de Arte Contemporaneo Costarricensec2000 a32 pagbill.col.c28 cm aFabio Herrera Martinez 1954-vCatalogo de exhibición  aPintura costarricense vArte costarricense y1994-1998